Preparation and characterization of natural rubber-caly nanocomposites (Record no. 65542)

MARC details
000 -LEADER
fixed length control field 00471nam a2200133Ia 4500
100 ## - MAIN ENTRY--AUTHOR NAME
Personal name George Soney C
245 #0 - TITLE STATEMENT
Title Preparation and characterization of natural rubber-caly nanocomposites
260 ## - PUBLICATION, DISTRIBUTION, ETC. (IMPRINT)
Name of publisher Proceedings of the Asia Rub Tech Expo, 23-25 November 2006, Indian Rubber Institute, Kochi. pp.145-146.
650 ## - SUBJECT ADDED ENTRY--TOPICAL TERM
Topical Term Rubber-clay nanocomposites
700 ## - ADDED ENTRY--PERSONAL NAME
Personal name Aprem Abi Santhosh
700 ## - ADDED ENTRY--PERSONAL NAME
Personal name Thomas Sabu
942 ## - ADDED ENTRY ELEMENTS (KOHA)
Koha item type Journals
Holdings
Withdrawn status Lost status Damaged status Not for loan Home library Current library Shelving location Date acquired Koha item type
      Journals RRII Library RRII Library Rubber chemistry 28/12/2006 Journals